A reader's guide to Gerard Manley Hopkins /

Bibliographic Details
Main Author: MacKenzie, Norman H.
Format: Book
Language:English
Published: Ithaca, N.Y. : Cornell University Press, 1981.
Subjects:

MARC

Tag First Indicator Second Indicator Subfields
LEADER 00000cam a2200000 a 4500
001 in00000086266
005 20151008062628.0
008 811031s1981 nyu b 00110 eng
010 |a  80069275  
020 |a 0801413494 :  |c $17.50 
020 |a 0801492211 (pbk.) :  |c $8.95 
035 |a (OCoLC)07546984 
035 |9 AAK0624AM 
039 0 |a 2  |b 3  |c 3  |d 3  |e 3 
040 |a DLC  |c DLC  |d TXA  |d UtOrBLW 
049 |a TXAM  |c [1561575] 
050 0 0 |a PR4803 H44  |b  Z716 
082 0 |a 821/.8  |2 19 
100 1 |a MacKenzie, Norman H. 
245 1 2 |a A reader's guide to Gerard Manley Hopkins /  |c Norman H. MacKenzie. 
264 1 |a Ithaca, N.Y. :  |b Cornell University Press,  |c 1981. 
300 |a 256 pages ;  |c 21 cm. 
336 |a text  |b txt  |2 rdacontent 
337 |a unmediated  |b n  |2 rdamedia 
338 |a volume  |b nc  |2 rdacarrier 
500 |a Includes indexes. 
504 |a Bibliography: pages [241]-244. 
600 1 0 |a Hopkins, Gerard Manley,  |d 1844-1889  |x Criticism and interpretation. 
999 |a MARS 
999 f f |s ce82f371-9a46-309c-b889-739d072afca3  |i 3243187b-8743-3111-9c2f-05d148f5efee  |t 0 
952 f f |p normal  |a Texas A&M University  |b College Station  |c Sterling C. Evans Library  |d Evans: Library Stacks  |t 0  |e PR4803 H44 Z716  |h Library of Congress classification  |i unmediated -- volume  |m A14805955875 
998 f f |a PR4803 H44 Z716  |t 0  |l Evans: Library Stacks